| 000 | 00630cam a22002293a 4500 | ||
|---|---|---|---|
| 001 | 2362 | ||
| 003 | PGUSA | ||
| 005 | 20140828083013.0 | ||
| 008 | 001001s2000||||xxu|||||s|||||000 | eng d | ||
| 040 |
_aPGUSA _beng |
||
| 042 | _adc | ||
| 050 | 4 | _aLD | |
| 100 | 1 |
_aConverse, Florence, _d1871-1967 |
|
| 245 | 1 | 4 |
_aThe Story of Wellesley _h[electronic resource] / _cFlorence Converse |
| 260 |
_bProject Gutenberg, _c2000 |
||
| 506 | _aPublic domain in the USA. | ||
| 516 | _aElectronic text | ||
| 653 | _aWellesley College | ||
| 830 | 0 |
_aProject Gutenberg _v2362 |
|
| 856 | 4 | 0 | _uhttp://www.gutenberg.org/ebooks/2362 |
| 942 | _cEB | ||
| 999 |
_c231699 _d231699 |
||